| 000 | 00664cam a2200205 a 4500 | ||
|---|---|---|---|
| 999 |
_c14171 _d14171 |
||
| 003 | OSt | ||
| 005 | 20260214160534.0 | ||
| 008 | 120607s2013 dcua b 001 0 eng | ||
| 020 |
_a9781610913744 _qpbk. : alk. paper |
||
| 082 | 0 | 0 |
_a307.1/216 _223 |
| 100 | 1 | _aEllin, Nan. | |
| 245 | 1 | 0 |
_aGood urbanism : _bsix steps to creating prosperous places / _cNan Ellin. |
| 260 |
_aWashington : _bIsland Press, _cc2013. |
||
| 300 |
_axv, 164 p. : _bill. ; _c24 cm. |
||
| 490 | 0 | _aMetropolitan planning + design | |
| 504 | _aIncludes bibliographical references (p. 143-155) and index. | ||
| 650 | 0 | _aCity planning. | |
| 650 | 0 | _aCommunity development, Urban. | |
| 942 | _2ddc | ||